ACDC Songtexte - Statistiken

Allgemein
  • Dieses Quiz wurde 39 mal gespielt
  • Das Durchschnittsergebnis liegt bei 3 aus 10
Antwortstatistiken
Anfang Antwort Album Song % Korrekt
See me ride out of the sunsetOn your … Color TV screen High Voltage T.N.T
53%
Back in black… I hit the sack Back in black Back in black
50%
I was caught… In the middle of a railroad track The razors edge Thunderstruck
34%
In the beginning… Back in 1955 Let there be rock Let there be rock
31%
If youre having trouble with the… Highschool head Dirty deads done dirt cheap Dirty deads done dirt cheap
31%
Livin easy… Lovin free Highway to hell Highway to hell
31%
Im a rollin thunder… Pourin rain Back in black Hells bells
16%
Well you ask me bout… The clothes i wear High Voltage High Voltage
13%
We roll tonight… To the guitar bite For those about to rock For those about to rock
13%
Idle juvenile on the street… On the street Back in black Shake a leg
3%
Keine übereinstimmenden Quizze gefunden
Verteilung der Resultate
Anzahl Personen mit jedem Resultat
Perzentil nach korrekt beantworteten Fragen
Ihre Resultats-Entwicklung
Sie haben dieses Quiz noch nicht gespielt